000 00654nam a22002177a 4500
003 UA-OsUOA
001 83669
007 ta
008 20120424b un ||||| |||| 00| 0 ukr d
100 _aБровченко С.
090 _a330(477)
_bБ88
942 _cSA
040 _aUA-OsUOA
_bukr
_cUA-OsUOA
_dUA-OsUOA
245 _aУдосконалення системи планування контрольно-ревізійної роботи
300 _aС.4-8
955 _a0
041 _aukr
080 _a330(477)
773 0 _w83668
_tФінансовий контроль
_dК.
_d2012
_g4
650 7 _a330 Економіка взагалі
_2UDC
999 _c369981
_d369981